00263nam a2200097Ia 4500008004100000100002300041245006400064260001600128260000900144546001200153170619s9999 xx 000 0 und d aHertzberg- Richard 0aDeformation and Fracture Mechanics of Engineering Materials bWiley-India c2011 aENGLISH